Mind, cognition and representation : the tradition of commentaries on Aristotle's De anima /

Bibliographic Details
Other Authors: Bakker, Paul J. J. M., Thijssen, J. M. M. H.
Format: Book
Language:English
Published: Aldershot, England ; Burlington, VT : Ashgate Pub., [2007]
Series:Ashgate studies in medieval philosophy.
Subjects:
Online Access:Table of contents only

MARC

Tag First Indicator Second Indicator Subfields
LEADER 00000cam a22000004a 4500
001 in00002363721
005 20151109040840.0
008 070605s2007 enka b 101 0 eng
010 |a  2007022825 
020 |a 9780754630845 (hbk. : alk. paper) 
020 |a 0754630846 (hbk. : alk. paper) 
035 |a (OCoLC)ocn141187930 
035 |a (OCoLC)141187930 
040 |a DLC  |c DLC  |d BTCTA  |d BAKER  |d YDXCP  |d BWKUK  |d UtOrBLW 
049 |a TXAM 
050 0 0 |a B415  |b .M56 2007 
082 0 0 |a 128  |2 22 
245 0 0 |a Mind, cognition and representation :  |b the tradition of commentaries on Aristotle's De anima /  |c edited by Paul J.J.M. Bakker and Johannes M.M.H. Thijssen. 
264 1 |a Aldershot, England ;  |a Burlington, VT :  |b Ashgate Pub.,  |c [2007] 
264 4 |c ©2007 
300 |a vi, 259 pages :  |b illustrations ;  |c 24 cm. 
336 |a text  |b txt  |2 rdacontent 
337 |a unmediated  |b n  |2 rdamedia 
338 |a volume  |b nc  |2 rdacarrier 
490 1 |a Ashgate studies in medieval philosophy 
504 |a Includes bibliographical references (pages [231]-249) and index. 
600 0 0 |a Aristotle.  |t De anima  |v Congresses. 
650 0 |a Psychology  |v Early works to 1850  |v Congresses. 
650 0 |a Soul  |v Congresses. 
650 0 |a Philosophy of mind  |v Congresses. 
650 0 |a Life  |v Congresses. 
700 1 |a Bakker, Paul J. J. M. 
700 1 |a Thijssen, J. M. M. H. 
830 0 |a Ashgate studies in medieval philosophy. 
856 4 1 |3 Table of contents only  |u http://www.loc.gov/catdir/toc/ecip0719/2007022825.html  |t 0 
938 |a Baker and Taylor  |b BTCP  |n BK0004190873 
938 |a Baker & Taylor  |b BKTY  |c 99.95  |d 99.95  |i 0754630846  |n 0004190873  |s active 
938 |a YBP Library Services  |b YANK  |n 2029870 
945 |a PromptCat  |b 359884 
946 |a stk 
947 |a A14836841790 
994 |a 92  |b TXA 
948 |a cataloged  |b h  |c 2008/3/20  |d c  |e asalazar  |f 2:42:52 pm 
999 |a MARS 
999 f f |s 17646dab-43ea-316a-abbb-08a877287422  |i b446dfb6-d6d8-3ea2-93fb-882e7f921691  |t 0 
952 f f |p normal  |a Texas A&M University  |b College Station  |c Sterling C. Evans Library  |d Evans: Library Stacks  |t 0  |e B415 .M56 2007  |h Library of Congress classification  |i unmediated -- volume  |m A14836841790 
998 f f |a B415 .M56 2007  |t 0  |l Evans: Library Stacks